Chemorheology of polymers (Record no. 35364)
[ view plain ]
| 000 -LEADER | |
|---|---|
| fixed length control field | 00338nam a2200133Ia 4500 |
| 082 ## - DEWEY DECIMAL CLASSIFICATION NUMBER | |
| Classification number | 028.2875 |
| Item number | MUR |
| 100 ## - MAIN ENTRY--AUTHOR NAME | |
| Personal name | Murakami, Kenkichi |
| 245 #0 - TITLE STATEMENT | |
| Title | Chemorheology of polymers |
| 260 ## - PUBLICATION, DISTRIBUTION, ETC. (IMPRINT) | |
| Place of publication | Amsterdam |
| Name of publisher | Elsevier |
| Year of publication | 1979 |
| 650 ## - SUBJECT ADDED ENTRY--TOPICAL TERM | |
| Topical Term | Chemorheology |
| 700 ## - ADDED ENTRY--PERSONAL NAME | |
| Personal name | Ono katsumichi |
| 942 ## - ADDED ENTRY ELEMENTS (KOHA) | |
| Koha item type | Books |
| Withdrawn status | Lost status | Damaged status | Not for loan | Home library | Current library | Date acquired | Cost, normal purchase price | Full call number | Accession Number | Koha item type |
|---|---|---|---|---|---|---|---|---|---|---|
| RRII Library | RRII Library | 16/12/2021 | 98.00 | 028.2875 MUR | 15789 | Books |